000 00578nam a2200205Ia 4500
003 0100
005 20161220121254.0
008 130303s9999 xx 000 0 und d
040 _cARRUPELIB
050 _aREF. BS192.2.A1.G3 1965
245 _aProverbs Ecclesiastes
260 _aNew york
260 _bDoubleday & Co.
300 _aliii
300 _b 255p. 24cm.
650 _aBible
_xProverbs
_xCommentaries
_928154
650 _aBible O.T.
_xEcclesiastes
_xCommentaries
_928155
700 _aScott , R. B. Y. (intr ; tr ; notes )
_928156
942 _2lcc
_cMONOGRAPH
999 _c40223
_d40223